000 00576nam a2200205Ia 4500
005 20250508154439.0
008 008 250505s9999 xx 000 0 eng d
037 _aTextual
040 _aFEDL
_beng
_cFEDL
041 _aeng
_2eng
084 _a025.3, SHA
_qFEDL
100 _aSharp Henry A
245 0 _aCataloguing: A textbook for use in libraries
250 _a5th
260 _aBombay, India
_bAllied Publishers Private Limited
_c1950
300 _axiv,388p.
650 _aLibrary Science
942 _cTEXL
_h025.3, SHA
999 _c1350307
_d1350307